Case in point (Record no. 104398)
[ view plain ]
| 000 -LEADER | |
|---|---|
| fixed length control field | 02148cam a2200361 4500 |
| 001 - CONTROL NUMBER | |
| control field | ##E130209 |
| 008 - FIXED-LENGTH DATA ELEMENTS--GENERAL INFORMATION | |
| fixed length control field | 050701n2005 000 0 eng u |
| 020 ## - INTERNATIONAL STANDARD BOOK NUMBER | |
| International Standard Book Number | 1842192353 |
| 035 ## - SYSTEM CONTROL NUMBER | |
| System control number | (Sirsi) u130209 |
| 041 0# - LANGUAGE CODE | |
| Language code of text/sound track or separate title | eng |
| 050 04 - LIBRARY OF CONGRESS CALL NUMBER | |
| Classification number | 347.4107 $2 18 |
| 100 1# - MAIN ENTRY--PERSONAL NAME | |
| Personal name | Mills, Richard |
| 245 00 - TITLE STATEMENT | |
| Title | Case in point |
| Remainder of title | construction adjudication |
| 260 ## - PUBLICATION, DISTRIBUTION, ETC. | |
| Place of publication, distribution, etc. | Coventry |
| Name of publisher, distributor, etc. | RICS Books |
| Date of publication, distribution, etc. | 2005 |
| 300 ## - PHYSICAL DESCRIPTION | |
| Extent | xxiv, 210p. |
| Dimensions | 21cm. |
| 350 ## - PRICE (NR) (BK AM CF MU VM SE) [OBSOLETE] | |
| Price | £24.95 |
| 490 #0 - SERIES STATEMENT | |
| Series statement | RICS Case in Point Series |
| 505 2# - FORMATTED CONTENTS NOTE | |
| Formatted contents note | Statutory adjudication -- The adjudication agreement -- Scheme adjudications -- Crystallising the dispute -- The notice of intention to adjudicate -- Appointing the adjudicator -- Referral and responses -- Subsequent communications with the adjudicator -- Production and enforcement of the decision. |
| 520 ## - SUMMARY, ETC. | |
| Summary, etc. | Written for surveyors acting on behalf of their client in a dispute or as adjudicators this guide enables you to have a detailed understanding of the legal framework and practical implications of adjudication. Written in plain English linked by explanatory text, this book discusses the case law interpreting the adjudication provisions of the Housing Grants, Construction and Regeneration Act 1996, associated Statutory Instruments and standard contractual provisions. Includes extracts from relevant legislation. |
| 590 ## - LOCAL NOTE (RLIN) | |
| Local note | IKA251005 |
| 650 24 - SUBJECT ADDED ENTRY--TOPICAL TERM | |
| Topical term or geographic name entry element | CONSTRUCTION ADJUDICATION |
| 650 24 - SUBJECT ADDED ENTRY--TOPICAL TERM | |
| Topical term or geographic name entry element | HUMAN RIGHTS ACT 1998 |
| 650 24 - SUBJECT ADDED ENTRY--TOPICAL TERM | |
| Topical term or geographic name entry element | SCHEME FOR CONSTRUCTION CONTRACTS (ENGLAND AND WALES) REGULATIONS 1998 |
| 650 24 - SUBJECT ADDED ENTRY--TOPICAL TERM | |
| Topical term or geographic name entry element | SCHEME FOR CONSTRUCTION CONTRACTS (SCOTLAND) REGULATIONS 1998 |
| 650 24 - SUBJECT ADDED ENTRY--TOPICAL TERM | |
| Topical term or geographic name entry element | SCHEME FOR CONSTRUCTION CONTRACTS IN NORTHERN IRELAND REGULATIONS (NORTHERN IRELAND) 1999 |
| 650 24 - SUBJECT ADDED ENTRY--TOPICAL TERM | |
| Topical term or geographic name entry element | CONSTRUCTION CONTRACTS (ENGLAND AND WALES) EXCLUSION ORDER 1998 |
| 650 24 - SUBJECT ADDED ENTRY--TOPICAL TERM | |
| Topical term or geographic name entry element | CONSTRUCTION CONTRACTS (SCOTLAND) EXCLUSION ORDER 1998 |
| 650 24 - SUBJECT ADDED ENTRY--TOPICAL TERM | |
| Topical term or geographic name entry element | CONSTRUCTION CONTRACTS EXCLUSION ORDER (NORTHERN IRELAND) 1999 |
| 651 #4 - SUBJECT ADDED ENTRY--GEOGRAPHIC NAME | |
| Geographic name | United Kingdom |
| Chronological subdivision | |
| 690 ## - LOCAL SUBJECT ADDED ENTRY--TOPICAL TERM (OCLC, RLIN) | |
| Topical term or geographic name as entry element | MANAGEMENT-DISPUTE AVOIDANCE, MANAGEMENT AND RESOLUTION-DISPUTE MANAGEMENT AND RESOLUTION-ALTERNATIVE DISPUTE RESOLUTION-ADJUDICATION |
| 942 ## - ADDED ENTRY ELEMENTS (KOHA) | |
| Suppress in OPAC | 0 |
| Withdrawn status | Lost status | Source of classification or shelving scheme | Damaged status | Not for loan | Home library | Current library | Shelving location | Date acquired | Total Checkouts | Full call number | Barcode | Date last seen | Copy number | Price effective from | Koha item type | Date last checked out |
|---|---|---|---|---|---|---|---|---|---|---|---|---|---|---|---|---|
| Dewey Decimal Classification | London | London | RICS Boxes | 09/11/2005 | RICS 2005/33 | 30070021 | 06/08/2019 | 1 | 06/08/2019 | Archive | ||||||
| Dewey Decimal Classification | London | London | Books | 09/11/2005 | 347.4107 MIL | 30070020 | 06/08/2019 | 1 | 06/08/2019 | Reference material | ||||||
| Dewey Decimal Classification | London | London | Books | 09/11/2005 | 25 | 347.4107 MIL | 30070019 | 06/08/2019 | 3 | 06/08/2019 | Book | 23/12/2009 |